Nous autors catalans
Descripción Física:
126 p. ; 22 cm
Colección:
Edicions C ; 1
MARC
| LEADER | 00000nam a2200000Ia 4500 | ||
|---|---|---|---|
| 001 | 17030 | ||
| 008 | 160829s9999 xx 000 0 cat d | ||
| 080 | |a L-2-65 | ||
| 245 | |a Nous autors catalans | ||
| 260 | |a Barcelona : |b Grup Focus, DL 1997 | ||
| 300 | |a 126 p. ; |c 22 cm | ||
| 490 | |a Edicions C ; 1 | ||
| 590 | |a Conté: Mala sang / de David Plana. El color del gos quan fuig / de Beth Escudé i Gallés. A trenc d'alba / d'Ignasi Garcia. | ||
| 590 | |a Col·laboren en l'edició: Sala Beckett, Institut del Teatre, SGAE | ||
| 700 | |a Plana, David. Mala sang |9 26124 | ||
| 700 | |a Escudé i Gallés, Beth |9 26125 | ||
| 700 | |a Garcia, Ignasi |9 26126 | ||
| 901 | |a Arxiu | ||
| 942 | |n 1 | ||
| 952 | |0 0 |1 0 |4 0 |6 L265 |7 1 |9 43890 |a Arxiu |b Arxiu |d 2016-12-01 |l 0 |o L-2-65 |p 17030 |r 2016-12-01 00:00:00 |w 2016-12-01 |y ARXIU | ||
| 999 | |c 46470 |d 46470 | ||